Catalog

Record Details

Catalog Search



Available copies

  • 3 of 3 copies available at LARL/NWRL Consortium.
  • 2 of 2 copies available at Lake Agassiz Regional Library. (Show preferred library)

Current holds

0 current holds with 3 total copies.

Show Only Available Copies
Location Call Number / Copy Notes Barcode Shelving Location Status Due Date
Detroit Lakes Public Library M HAR (Text) 33500013374640 Main Available -
Moorhead Public Library M HAR (Text) 33500013374632 Main Available -
Thief River Falls Public Library HAR (Text) 35500006454282 Main Available -

Record details

  • ISBN: 9780593102664
  • ISBN: 0593102665
  • Physical Description: 321 pages : map ; 24 cm.
  • Publisher: New York : Berkley, [2021]

Content descriptions

General Note:
Sequel to: Who speaks for the damned.
Summary, etc.:
"It's October 1814. The war with France is finally ... Read More
Subject: Murder > Investigation > Fiction.
Serial murders > Fiction.
London (England) > Fiction.
England > Fiction.
Saint Cyr, Sebastian (Fictitious character) > Fiction.
Great Britain > History > George III, 1760-1820‡ > Fiction.
London (England) > 19th century > Fiction.
Genre: Historical fiction.
Detective and mystery fiction.
Mystery fiction.
LDR 03232cam a22005418i 4500
001359312
003LARL_NWRL_CONSORTIUM
00520210406194745.0
008200708t20212021nyub e 000 1 eng
010 . ‡a 2020030401
040 . ‡aDLC ‡beng ‡erda ‡cDLC ‡dYDX ‡dBDX ‡dOI6 ‡dOCLCO ‡dIH9 ‡dOCLCO ‡dIUK ‡dGL4 ‡dILC
019 . ‡a1175675046
020 . ‡a9780593102664 ‡q(hardcover)
020 . ‡a0593102665 ‡q(hardcover)
020 . ‡z9780593102671 ‡q(ebook)
035 . ‡a(OCoLC)1164823573 ‡z(OCoLC)1175675046
042 . ‡apcc
08200. ‡a813/.54 ‡223
1001 . ‡aHarris, C. S., ‡eauthor. ‡0(LARL_NWRL_CONSORTIUM)194021
24510. ‡aWhat the devil knows / ‡cC.S. Harris.
264 1. ‡aNew York : ‡bBerkley, ‡c[2021]
264 4. ‡c©2021
300 . ‡a321 pages : ‡bmap ; ‡c24 cm.
336 . ‡atext ‡btxt ‡2rdacontent
337 . ‡aunmediated ‡bn ‡2rdamedia
338 . ‡avolume ‡bnc ‡2rdacarrier
4900 . ‡aSebastian St. Cyr ; ‡v16
500 . ‡aSequel to: Who speaks for the damned.
520 . ‡a"It's October 1814. The war with France is finally over, Europe's diplomats are convening in Vienna for a conference that will put their world back together, and London finds itself in the grip of a series of terrifying murders eerily similar to the shocking Ratcliffe Highway murders of three years before. In 1811, two entire families were brutally murdered in their homes. A suspect--a young Irish seaman named John Murphy--was arrested. But before he could be brought to trial, Murphy hanged himself in his cell. The murders ceased, and London slowly began to breathe easier. But when the lead investigator, Sir Edwin Pym, is killed in the same brutal way, suddenly everyone is talking about the heinous crimes again, and the city is paralyzed with terror. Was the wrong man arrested for the murders? Has a vicious serial killer decided it's time to kill again? Bow Street magistrate Sir Henry Lovejoy turns to his friend Sebastian St. Cyr, Viscount Devlin, for assistance. Pym's colleagues are convinced his manner of death is a coincidence, but Sebastian has his doubts. The more he looks into the three-year-old murders, the more certain he becomes that the hapless John Murphy was not the real killer. Which begs the question--who was?"-- ‡cProvided by publisher.
650 0. ‡aMurder ‡xInvestigation ‡vFiction. ‡0(LARL_NWRL_CONSORTIUM)166203
650 0. ‡aSerial murders ‡vFiction. ‡0(LARL_NWRL_CONSORTIUM)167273
651 0. ‡aLondon (England) ‡vFiction. ‡0(LARL_NWRL_CONSORTIUM)165879
651 0. ‡aEngland ‡vFiction.
650 0. ‡aSaint Cyr, Sebastian (Fictitious character) ‡vFiction.
651 0. ‡aGreat Britain ‡xHistory ‡yGeorge III, 1760-1820‡ ‡vFiction.
651 0. ‡aLondon (England) ‡y19th century ‡vFiction.
655 7. ‡aHistorical fiction. ‡2lcgft
655 7. ‡aDetective and mystery fiction. ‡2lcgft
655 7. ‡aMystery fiction. ‡2gsafd
77608. ‡iOnline version: ‡aHarris, C. S., ‡tWhat the devil knows ‡dNew York : Berkley, 2021. ‡z9780593102671 ‡w(DLC) 2020030402
901 . ‡a359312 ‡bOCoLC ‡c359312 ‡tbiblio ‡soclc

Additional Resources